000
00259nam a22001097a 4500
082
_a
355.02 EIS'C
100
_a
EISENHOWER, DWIGHT D
_9
48850
245
_a
CRUSADE IN EUROPE
260
_a
RAWALPINDI
_b
ARMY EDUCATION PRESS
_c
1948
300
_a
559P
942
_c
BK
999
_c
569195
_d
569195